Square knits
| Main Author: | |
|---|---|
| Format: | Book |
| Published: |
London :
Willow Books ,
1985
|
| Subjects: |
MARC
| LEADER | 00000cam a2200000 7i4500 | ||
|---|---|---|---|
| 001 | 0000077889 | ||
| 005 | 20180120.0 | ||
| 008 | 180120 | ||
| 020 | |a 0002181584 | ||
| 090 | 0 | 0 | |a 646.407 |b KIN |
| 100 | 0 | |a King, Angela | |
| 245 | 1 | 0 | |a Square knits |c Angela King |
| 260 | |a London : |b Willow Books , |c 1985 | ||
| 300 | |a 96pg. | ||
| 650 | 0 | |a Knitting-Patterns | |
| 999 | |a 0000392900 |b Book |c Adult Collection |e Cawangan Muar | ||